000 00306nam a2200121 i 4500
001 bg
245 0 _aHolografia optyczna :
_bpodstawy fizyczne i zastosowania /
_cP.red. M.Pluty.
260 _aWarszawa,
_c1980.
040 _cBPK
041 _apol
942 _cKS
008 s pl f |000 0 pol
999 _c19687
_d19687
856 _uhttp://koha.tu.koszalin.pl/cgi-bin/koha/opac-detail.pl?biblionumber=19687
_yKatalog online BPK